| 000 | 01197nam a2200229Ia 4500 | ||
|---|---|---|---|
| 001 | L235-7508 | ||
| 003 | IT-CnALBA | ||
| 008 | 170116s9999||||xx |||||||||||||| ||und|| | ||
| 040 |
_aIT-CnALBA _cIT-CnALBA |
||
| 041 | _aITALIANO | ||
| 100 | _aMORTARINO GIUSEPPE, SAC. ROSMINIANO | ||
| 245 | 0 | _aLA VERGINE INVOCATA NELLE LITANIE LAURETANE. | |
| 250 | _a2a ed. | ||
| 260 |
_aFIRENZE _bS. ROMOLO, COLLEGIO SERAFICO. FIRENZE _c1938 [1° Ed.:1934 - Ed.Ling.Originale: 1934] |
||
| 300 | _a368 p. (prefazione: 58) | ||
| 500 | _aSERMONI PER IL MESE DI MAGGIO CON ESEMPI. MADRE DI DIO. MARIA VERGINE DELLE VERGINI. MADRE PURISSIMA CASTISSIMA AMABILE. PRUDENTISSIMA POTENTE. CLEMENTE FEDELE. REGINA DEGLI ANGELI. APOSTOLI MARTIRI. SANTI. ROSARIO. PACE. | ||
| 501 | _aSocietà San Paolo EM - Piazza San Paolo, 14 - 12051 ALBA (CN) (non commercial uses only) ® Copyright 2017 | ||
| 520 | _aSERMONI PER IL MESE DI MAGGIO CON ESEMPI. MADRE DI DIO. MARIA VERGINE DELLE VERGINI. MADRE PURISSIMA CASTISSIMA AMABILE. PRUDENTISSIMA POTENTE. CLEMENTE FEDELE. REGINA DEGLI ANGELI. APOSTOLI MARTIRI. SANTI. ROSARIO. PACE. | ||
| 650 | _aMARIA SS. ANGELI SANTI DEMONI | ||
| 942 | _cBK | ||
| 957 | _71 | ||
| 999 |
_a8484 _bSI _g Copie: 1 _c266690 _d266690 |
||